[Event "Goch op 09th"]
[Site "Goch"]
[Date "1998.10.18"]
[Round "6"]
[White "Bock, Juergen"]
[Black "Rombey, Hans"]
[Result "1-0"]
[WhiteElo "2205"]
[BlackElo "1932"]
[PlyCount "63"]
[EventDate "1998.10.15"]
[EventType "swiss"]
[EventRounds "7"]
[EventCountry "GER"]
[SourceTitle "EXT 2002"]
[Source "ChessBase"]
[SourceDate "2001.11.25"]
[SourceVersion "1"]
[SourceVersionDate "2001.11.25"]
[SourceQuality "1"]

1. Nf3 d6 2. d4 Nf6 3. c4 g6 4. g3 Bg7 5. Bg2 0-0 6. 0-0 Nbd7 7. Nc3 c5 8. h3 Rb8 9. e4 cxd4 10. Nxd4 Ne5 11. b3 Bd7 12. Be3 a6 13. Rc1 b5 14. f4 Nc6 15. Nxc6 Bxc6 16. e5 Bxg2 17. exf6 Bxf1 18. fxg7 Kxg7 19. Qxf1 bxc4 20. Qxc4 Qa5 21. Qd5 Qa3 22. Rf1 Kg8 23. f5 Rbc8 24. f6 e6 25. Qg5 Kh8 26. Qh6 Rg8 27. Ne4 g5 28. Nxg5 Rxg5 29. Bxg5 Rg8 30. Rc1 Qb4 31. Be3 Rxg3+ 32. Kh2 1-0